Personalizované odporúčanie na Webe

Salvato in:
Dettagli Bibliografici
Autore principale: Kollár, Maroš (Autore)
Altri autori: Kompan, Michal (Relatore della tesi)
Natura: Manoscritto Libro
Lingua:slovacco
Pubblicazione: 2020
Soggetti:
Accesso online:http://is.stuba.sk/zp/portal_zp.pl?podrobnosti=142045
Tags: Aggiungi Tag
Nessun Tag, puoi essere il primo ad aggiungerne!!

MARC

LEADER 00000ntm a22000003a 4500
001 stuzp80566
003 SK-STU
005 20200620211816.8
007 ta
008 150427s2015----xo-----f-mn---000-0-slo-d
040 |a STU  |b slo 
041 0 |a slo 
100 1 |a Kollár, Maroš  |u 070200  |4 aut  |U FIIT Fakulta informatiky a informačných technológií  |T FIIT Ústav informatiky, informačných systémov a softvérového inžinierstva  |X 92056  |U I200  |Y 179  |7 92056 
242 0 1 |a Personalized recommendation on the Web  |y eng 
245 1 0 |a Personalizované odporúčanie na Webe 
260 |c 2020 
650 4 |a Personalizované odporúčanie  |2 slo 
650 4 |a Vizuálne črty  |2 slo 
650 4 |a Komplementárne produkty  |2 slo 
650 4 |a Complementary products  |2 eng 
650 4 |a Visual features  |2 eng 
650 4 |a Personalized recommendation  |2 eng 
700 1 |a Kompan, Michal  |u 070200  |k Z1  |4 ths  |U FIIT Fakulta informatiky a informačných technológií  |T FIIT Ústav informatiky, informačných systémov a softvérového inžinierstva  |X 29626  |U I200  |Y 179  |7 29626 
856 4 |u http://is.stuba.sk/zp/portal_zp.pl?podrobnosti=142045